000 00588nam a2200241Ia 4500
005 20260306150256.0
008 008 260114s9999 xx 000 0 eng d
020 _a9780889208551
037 _aEbook
040 _aCRL
040 _beng
040 _cCRL
041 _2eng
041 _aeng
084 _qCRL
245 2 _aA Cross-Cultural Dialogue on Health Care Ethics
260 _bWilfrid Laurier University Press
260 _c1999
650 _aPhilosophy
856 _uhttps://www.degruyter.com/isbn/9780889208551
942 _cEBOOK
999 _c1695297
_d1695297